000 00517cam a2200145 4500500
005 20251130000339.0
041 _afre
042 _adc
100 1 0 _aEilenberger, Wolfram
_eauthor
245 0 0 _aUn long dialogue avec l’Égypte
260 _c2016.
500 _a32
786 0 _nPhilosophie magazine - Hors séries | Hors-série Autome 2016 | HS30 | 2016-11-12 | p. 15-28 | 2104-9246
856 4 1 _uhttps://shs.cairn.info/magazine-philosophie-magazine-hors-series-2016-3-page-15?lang=fr&redirect-ssocas=7080
999 _c1564816
_d1564816